000 00265nam a22001217a 4500
003 OSt
008 250106b |||||||| |||| 00| 0 eng d
041 _aeng
082 _a624.171
_bRAO/ST
100 _aRao, JK
_96781
245 _aStructural Engineering
942 _cBK
999 _c18942
_d18942